000 00590nam a2200229Ia 4500
003 OSt
005 20220924140239.0
006 a|||||r|||| 00| 0
007 ta
008 220923b |||||||| |||| 00| 0 ben d
024 _a294253
037 _cTextual
040 _aARTS
_cARTS
_bben
041 _2ben
_aben
082 _aO157,3:g, M5
100 _aDatta Birendra
_9211056
245 0 _aBangla chhoto galpa
_b Prasanga o prakaran
260 _c1985
650 _aBENGALI LITERATURE
942 _hO157,3:g, M5
_cTEXL
_2CC
999 _c443476
_d443476